00737nam a22001932 4500001001100000005001700011008004100028020002800069040001500097050002200112100003200134245007200166250001200238260005500250300002800305500009300333504006400426650005300490000000537320151217152003.0070612s xx 000 0 eng d a1563085003 :cGBP 34.99 aKABUcKABU 0aZ696b.U4C43 19991 aChan, Lois Mai.@000008497912aA Guide to the Library of Congress classification /cLois Mai Chan. a5th ed. aEnglewood, Colorado :bLibraries Unlimited,c1999. axviii, 551 p. ;c25 cm. aBased on the fourth edition of Imroth's guide to the Library of Congress classification. aIncludes bibliographical references (p. 531-537) and index. 0aClassification, Library of Congress.@0000156655